| 000 | 00697cam a22002533a 4500 | ||
|---|---|---|---|
| 001 | 9835 | ||
| 003 | PGUSA | ||
| 005 | 20140828083216.0 | ||
| 008 | 060201s2006||||xxu|||||s|||||000 1 eng d | ||
| 040 |
_aPGUSA _beng |
||
| 042 | _adc | ||
| 050 | 4 | _aPR | |
| 100 | 1 |
_aFarnol, Jeffery, _d1878-1952 |
|
| 245 | 1 | 0 |
_aMartin Conisby's Vengeance _h[electronic resource] / _cJeffery Farnol |
| 260 |
_bProject Gutenberg, _c2006 |
||
| 506 | _aPublic domain in the USA. | ||
| 516 | _aElectronic text | ||
| 653 | _aSpanish Main -- Fiction | ||
| 653 | _aPirates -- Fiction | ||
| 653 | _aSea stories | ||
| 830 | 0 |
_aProject Gutenberg _v9835 |
|
| 856 | 4 | 0 | _uhttp://www.gutenberg.org/ebooks/9835 |
| 942 | _cEB | ||
| 999 |
_c239091 _d239091 |
||